| 000 | 00458pam a2200181 a 4500 | ||
|---|---|---|---|
| 020 | _a047110146X | ||
| 020 | _a0471101362 : | ||
| 040 | _cDLC | ||
| 082 | _a581 WIL 1982 A058 Or. | ||
| 100 | 1 | _aEtherington, John R | |
| 245 | 1 | 0 | _aEnvironment and plant ecology / |
| 250 | _a2nd ed | ||
| 260 |
_aChichester ; _aNew York : _bWiley, _cc1982 |
||
| 300 |
_axxii, 487 p. : _bill. ; _c23 cm |
||
| 500 | _aIncludes index | ||
| 650 | 0 | _aPlant ecology | |
| 942 | _cEK | ||
| 999 |
_c14071 _d14071 |
||